Studies in Egyptian urbanism (Record no. 45448)

MARC details
000 -LEADER
fixed length control field 00679cam a22002411 4500
001 - CONTROL NUMBER
control field ne 63000127
003 - CONTROL NUMBER IDENTIFIER
control field DLC
005 - DATE AND TIME OF LATEST TRANSACTION
control field 20260227111740.0
008 - FIXED-LENGTH DATA ELEMENTS--GENERAL INFORMATION
fixed length control field 820802s1959 ua a b 000 0 eng
010 ## - LIBRARY OF CONGRESS CONTROL NUMBER
LC control number ne 63000127
035 ## - SYSTEM CONTROL NUMBER
System control number (OCoLC)8649720
040 ## - CATALOGING SOURCE
Original cataloging agency DLC
Transcribing agency OCoLC
Modifying agency DLC
042 ## - AUTHENTICATION CODE
Authentication code premarc
050 00 - LIBRARY OF CONGRESS CALL NUMBER
Classification number HB2333
Item number .H3
100 1# - MAIN ENTRY--PERSONAL NAME
Personal name Ḥamdān, Jamāl al-Dīn Maḥmūd.
245 00 - TITLE STATEMENT
Title Studies in Egyptian urbanism
Statement of responsibility, etc. [by] G. Hamdan.
260 ## - PUBLICATION, DISTRIBUTION, ETC.
Place of publication, distribution, etc. Cairo,
Name of publisher, distributor, etc. Renaissance Bookshop
Date of publication, distribution, etc. [1959?]
300 ## - PHYSICAL DESCRIPTION
Extent 78 p.
Other physical details illus.
Dimensions 24 cm.
504 ## - BIBLIOGRAPHY, ETC. NOTE
Bibliography, etc. note Includes bibliography.
651 #0 - SUBJECT ADDED ENTRY--GEOGRAPHIC NAME
Geographic name Egypt
General subdivision Population.
650 #0 - SUBJECT ADDED ENTRY--TOPICAL TERM
Topical term or geographic name entry element Cities and towns
Geographic subdivision Egypt.
740 0# - ADDED ENTRY--UNCONTROLLED RELATED/ANALYTICAL TITLE
Uncontrolled related/analytical title Egyptian urbanism.

No items available.

Powered by Koha